'C' Cities by Picture Quiz Stats

 Plays Quiz Updated Jul 13, 2016

Score 0/20 Timer 07:00
3 Plays Today
% Correct
Chicago, Illinois, USA
95.9%
Cairo, Egypt
83.9%
Cape Town, South Africa
69.2%
Canberra, Australia
67.5%
Copenhagen, Denmark
67.4%
Cologne, Germany
59.4%
Calgary, Canada
58.8%
Caracas, Venezuela
58.5%
Cardiff, United Kingdom
49%
Christchurch, New Zealand
38%
% Correct
Cincinnati, Ohio, USA
37.1%
Casablanca, Morocco
36.3%
Chisinau, Moldova
33.9%
Cusco, Peru
31%
Charlotte, North Carolina, USA
25.6%
Chengdu, China
20.6%
Coventry, United Kingdom
19.1%
Cartagena, Colombia
17%
Córdoba, Spain
13.3%
Chiang Mai, Thailand
12.6%

You're not logged in!

Compare scores with friends on all Sporcle quizzes.
OR
Log In

Sporcle TV

Today on Sporcle TV


Watch our educational content, quiz creation guides, and fun videos on Sporcle TV.

Show Comments

Extras

Top Quizzes Today


Score Distribution

Your Account Isn't Verified!

In order to create a playlist on Sporcle, you need to verify the email address you used during registration. Go to your Sporcle Settings to finish the process.

Report this User

Report this user for behavior that violates our Community Guidelines.

Details: